| Tag |
First Indicator |
Second Indicator |
Subfields |
| LEADER |
00000cam a2200000 4500 |
| 001 |
in00000034916 |
| 005 |
20151007063440.0 |
| 008 |
781115s1910 nyu 00010 eng u |
| 010 |
|
|
|a 10002313
|
| 035 |
|
|
|a (OCoLC)04375076
|
| 035 |
|
|
|9 AAD7432AM
|
| 040 |
|
|
|c IQW
|d TXA
|d UtOrBLW
|
| 049 |
|
|
|a TXAM
|c [27319]
|
| 050 |
|
0 |
|a PN3499
|b .P6
|
| 092 |
|
|
|a 808.309
|b P541e
|
| 100 |
1 |
|
|a Phelps, William Lyon,
|d 1865-1943.
|
| 245 |
1 |
0 |
|a Essays on modern novelists /
|c by William Lyon Phelps.
|
| 264 |
|
1 |
|a New York :
|b The Macmillan company,
|c 1910.
|
| 300 |
|
|
|a ix, 293 pages ;
|c 20 cm.
|
| 336 |
|
|
|a text
|b txt
|2 rdacontent
|
| 337 |
|
|
|a unmediated
|b n
|2 rdamedia
|
| 338 |
|
|
|a volume
|b nc
|2 rdacarrier
|
| 500 |
|
|
|a Reprinted in part from various periodicals.
|
| 505 |
0 |
|
|a William De Morgan.--Thomas Hardy.--William Dean Howells.--Bjornstjerne Bjornson.--Mark Twain.--Henryk Sienkiewicz.--Hermann Sudermann.--Alfred Ollivant.--Robert Louis Stevenson.--Mrs. Humphry Ward--Rudyard Kipling.--"Lorna Doone."--Appendices: A. Novels as a university study. B. The teacher's attitude toward contemporary literature. C. Two poems.--List of publications (p. 261-293)
|
| 650 |
|
0 |
|a Fiction
|x History and criticism.
|
| 999 |
|
|
|a MARS
|
| 999 |
f |
f |
|s 5c6187d2-890d-3c6e-ab38-0157d72f1ea2
|i d26359fb-bf9e-3f81-a3f8-a9cc6cced04b
|t 0
|
| 952 |
f |
f |
|p ric
|a Texas A&M University
|b Rellis Campus
|c Joint Library Facility
|d Remote Storage
|t 0
|e PN3499 .P6
|h Library of Congress classification
|i unmediated -- volume
|m A14801198861
|
| 998 |
f |
f |
|a PN3499 .P6
|t 0
|l Remote Storage
|